书目信息 |
| 题名: |
石材
|
|
| 作者: | 麦克勒 编 ;尚建丽 , 雷艳春 , 杨晓东 译 | |
| 分册: | ||
| 出版信息: | 北京 中国电力出版社 2009.01 |
|
| 页数: | 206页 | |
| 开本: | 26cm | |
| 丛书名: | ||
| 单 册: | ||
| 中图分类: | TU521.2 | |
| 科图分类: | ||
| 主题词: | 石料--shi liao--建筑材料--研究 | |
| 电子资源: | ||
| ISBN: | 978-7-5083-6869-6 | |
| 000 | 01295nam0 2200289 450 | |
| 001 | 012009080836 | |
| 005 | 20090803102113.03 | |
| 010 | @a978-7-5083-6869-6@dCNY128.00 | |
| 100 | @a20090803d2009 em y0chiy0120 ea | |
| 101 | 1 | @achi@ceng |
| 102 | @aCN@b110000 | |
| 105 | @aa z 000yy | |
| 106 | @ar | |
| 200 | 1 | @a石材@Ashi cai@e当代建筑的结构与技术@f(美)克里斯托弗·麦克勒编@F(mei)ke li si tuo fu·mai ke le bian@d= Material stone constructions and technologies for contemporary architecture@fChristoph mackler@g尚建丽, 雷艳春, 杨晓东译@Gshang jian li,lei yan chun,yang xiao dong yi@zeng |
| 210 | @a北京@c中国电力出版社@d2009.01 | |
| 215 | @a206页@c图@d26cm | |
| 330 | @a本书收集了二十多年来采用天然石材、砖和混凝土材料形成建筑作品的杰作,旨在给读者开拓观察本世纪古老建筑材料发展的视野。 | |
| 500 | 10 | @aMaterial stone constructions and technologies for contemporary architecture@mChinese |
| 517 | 1 | @a当代建筑的结构与技术@Adang dai jian zhu de jie gou yu ji shu |
| 606 | 0 | @a石料@Ashi liao@x建筑材料@x研究 |
| 690 | @aTU521.2@v4 | |
| 701 | 1 | @a麦克勒@Amai ke le@g(mackler, Christoph)@4编 |
| 702 | 0 | @a尚建丽@Ashang jian li@4译 |
| 702 | 0 | @a雷艳春@Alei yan chun@4译 |
| 702 | 0 | @a杨晓东@Ayang xiao dong@4译 |
| 801 | 0 | @aCN@bQSSK@c20090803 |
| 905 | @b750000@dTU521.2@eM283@f1 | |
| 石材:当代建筑的结构与技术/(美)克里斯托弗·麦克勒编= Material stone constructions and technologies for contemporary architecture/Christoph mackler/尚建丽, 雷艳春, 杨晓东译.-北京:中国电力出版社,2009.01 |
| 206页:图;26cm |
| ISBN 978-7-5083-6869-6:CNY128.00 |
| 本书收集了二十多年来采用天然石材、砖和混凝土材料形成建筑作品的杰作,旨在给读者开拓观察本世纪古老建筑材料发展的视野。 |
| ● |
| 相关链接 |
|
|
|
正题名:石材
索取号:TU521.2/M283
 
预约/预借
| 序号 | 登录号 | 条形码 | 馆藏地/架位号 | 状态 | 备注 |
| 1 | 750000 | 207500006 | 建筑库201/201建筑库 6排4列3层/ [索取号:TU521.2/M283] | 在馆 |